Le Bon Nombre - Culture Générale - Statistiques

Statistiques générales
  • Ce quiz a été pris 3 213 fois
  • Le résultat moyen est 3 sur 10
Réponses sur la Carte
Les réponses sont colorées sur une échelle allant du rouge au vert en fonction du pourcentage des utilisateurs qui les ont devinées à leur premier essai. Vous pouvez retrouver ces pourcentages ci-dessous.
 
Statistiques - réponses
Réponse % Correct
Capitales commençant par "W"
62%
Pokémon dans la Première Génération
57%
Habitants au Vatican
46%
Provinces au Canada
38%
Muscles dans le corps humain
35%
Lunes de Saturne
29%
Prisonniers à la Bastille le 14 juillet 1789
21%
Ouvrages écrits par Jules Verne
20%
Épisodes de Mr. Bean
18%
Espèces de requins
12%
Aucun quiz correspondant
Distribution des résultats
% des personnes avec chaque résultat
Percentile par nombre de réponses
Votre historique - résultats
Vous n’avez pas pris ce quiz